Esplotación [sic] de la hulla y del hierro en España / (Record no. 189279)

MARC details
000 -LEADER
campo de control de longitud fija 00847nam a2200193 i 4500
001 - NÚMERO DE CONTROL
campo de control 189279
003 - IDENTIFICADOR DE NÚMERO DE CONTROL
campo de control ES-MaACL
005 - FECHA Y HORA DE LA ÚLTIMA TRANSACCIÓN
campo de control 20251203063035.0
008 - DATOS DE LONGITUD FIJA--INFORMACIÓN GENERAL
campo de control de longitud fija 190521s1855 sp |||| | spa d
100 1# - ENTRADA PRINCIPAL--NOMBRE DE PERSONA
Nombre de persona Schulz, Guillermo,
Fechas asociadas al nombre 1805-1877
9 (RLIN) 104793
245 10 - MENCIÓN DEL TÍTULO
Título Esplotación [sic] de la hulla y del hierro en España /
Mención de responsabilidad, etc. Guillermo Schulz.
260 ## - PUBLICACIÓN, DISTRIBUCIÓN, ETC.
Lugar de publicación, distribución, etc. [S.l. :
Nombre del editor, distribuidor, etc. s.n.,
Fecha de publicación, distribución, etc. 1855?]
300 ## - DESCRIPCIÓN FÍSICA
Extensión 7 p. ;
Dimensiones 21 cm.
594 ## - Nota al título y mención de responsabilidad
Nota al título y mención de responsabilidad Sin portada, título tomado de principio del texto y autor del final del texto.
650 #4 - PUNTO DE ACCESO ADICIONAL DE MATERIA--TÉRMINO DE MATERIA
Término de materia o nombre geográfico como elemento de entrada Minas de hulla-
Subdivisión geográfica España.
9 (RLIN) 167058
650 #4 - PUNTO DE ACCESO ADICIONAL DE MATERIA--TÉRMINO DE MATERIA
Término de materia o nombre geográfico como elemento de entrada Minas de hierro-
Subdivisión geográfica España.
9 (RLIN) 167059
852 ## - LOCALIZACIÓN
Ubicación ES-MaACL
Número de control de estantería B-8925(6).-
Nota libre Legado de Federico de Botella y de Hornos
-- .- Encuadernado en un vol. facticio agrupado con el nombre en el lomo: España, geología, memorias y documentos varios 9 a 19
Holdings
Estatus retirado Estado de pérdida Estado de daño No para préstamo Colección Biblioteca de origen Biblioteca actual Ubicación en estantería Fecha de adquisición Fuente de adquisición Total de préstamos Signatura topográfica completa Código de barras Visto por última vez Precio de reemplazo Tipo de ítem Koha
        Libros del s. XIX Biblioteca del Ateneo de Madrid Biblioteca del Ateneo de Madrid Sala Pardo Bazán 21/05/2019     B-8925(6) 1200541 23/02/2023 23/02/2023 Libro impreso antiguo